| 000 | 00915nas a2200301 4500 | ||
|---|---|---|---|
| 001 | BR2011004460 | ||
| 003 | BR-BrBNA | ||
| 005 | 20231205115614.0 | ||
| 007 | ta | ||
| 008 | 230509b bl.|||p| |||| 00| 00por d | ||
| 040 |
_aBR-BrBNA _bpor _cBiblioteca Nacional de Agricultura |
||
| 041 | _a(Pt) | ||
| 072 | _aL20; F40 | ||
| 100 | 1 | _aNeves, G.P. | |
| 100 | 1 | _aSerafim Júnior, M. | |
| 245 | 1 | _aZooplâncton de um trecho de rio laranjinha (bacia do Rio Paranapanema), Estado do Paraná, Brasil | |
| 650 | _aPARANÁ | ||
| 650 | _aBIOLOGIA AQUÁTICA | ||
| 650 | _aZOOPLANCTON | ||
| 650 | _aROTIFERA | ||
| 650 | _aCOPEPODA | ||
| 650 | _aCOMPORTAMENTO DE VARIEDADE | ||
| 650 | _aMEIO AMBIENTE | ||
| 650 | _aFENOLOGIA | ||
| 773 | 0 |
_tEstudos de Biologia (Brazil) _xISSN 0102-2067 _g(Jul-Dec 2007), v.29(68-69) p. 257-268 _wBR2011004460 |
|
| 909 |
_a202311 _bLúcia _c55 _dLúcia Elande |
||
| 942 |
_2AGRIS _n0 _cANA |
||
| 999 |
_c214746 _d214746 |
||